000
00271nam a22001217a 4500
008
181024b xxu||||| |||| 00| 0 eng d
041
_a
eng
080
_2
7 ED
_a
61
100
_a
6
101
_a
ANA
245
_a
Human Anatomy Psysiology
_c
Marieb.E.N
942
_2
udc
_c
BK
999
_c
50789
_d
50789